000 00420cam a2200181ua 4500
001 10724
008 190330n ii |||gr||||Z||||||eng
020 _a9788183761642
040 _cMAIN
082 _a305.4
100 _aShilaja Nagendra,
_eAuthor.
245 _aWomen and human rights
250 _a1st ed.
260 _aJaipur:
_bABD publishers,
_c2016.
300 _a255p.
653 _aSocial groups
942 _cBK
999 _c9691
_d9691